MARC

LEADER 00000nas a2200000 a 4500
001 ssj0012095
003 WaSeSS
005 20200512172242.0
006 m d
007 cr n
008 050614c19749999pauqr p s o 0 a0eng c
010 |a  2013236821 
016 7 |a 013933911  |2 Uk 
022 |a 2641-2071  |y 0094-7679 
035 |a (WaSeSS)ssj0012095 
037 |b Taylor & Francis, 530 Walnut Street, Suite 850, Philadelphia, PA 19106 
040 |a OCLCS  |b eng  |e pn  |c OCLCS  |d OCLCQ  |d UKMGB  |d TXA  |d NOC  |d OCLCO  |d OCLCQ  |d OCLCA  |d OCLCF  |d OCLCO  |d AU@  |d OCLCQ  |d DLC  |d VT2  |d DLC  |d WaSeSS 
042 |a pcc  |a nsdp 
043 |a n-us--- 
050 4 |a PN4700  |b .J65 
082 1 0 |a 071.3  |2 23 
082 0 4 |a 071/.3 
222 0 |a Journalism history  |b (Online) 
245 0 0 |a Journalism history  |h [electronic resource]. 
260 |3 1974- :  |a Northridge, Calif. :  |b California State Univerity Foundation :  |b Department of Journalism, California State Univerity,  |c ©1974- 
260 2 |3 <2005>- :  |a Athens, OH :  |b E.W. Scripps School of Journalism 
260 3 |3 <April 2019-> :  |a Philadelphia, PA, :  |b Taylor & Francis 
310 |a Quarterly 
362 1 |a Print began with: Vol. 1, no. 1 (Spring 1974). 
500 |a Place of publication varies. 
506 |a License restrictions may limit access. 
515 |a Some numbers issued in combined form. 
555 |a Vol. 1 (1974)-10 (1983), in vol. 10, nos. 3-4. 
588 |a Description based on: Volume 44, Number 3 (Fall 2018); title from cover image (journalism-history.org, viewed January 7, 2019). 
588 |a Latest issue consulted: Volume 44, Number 3 (Fall 2018) (viewed January 7, 2019). 
650 0 |a Journalism  |z United States  |x History  |v Periodicals. 
650 7 |a Journalism.  |2 fast  |0 (OCoLC)fst00984032 
651 7 |a United States.  |2 fast  |0 (OCoLC)fst01204155 
655 0 |a Electronic journals. 
710 2 |a California State University Foundation. 
710 2 |a California State University, Northridge.  |b Department of Journalism. 
710 2 |a E.W. Scripps School of Journalism. 
776 0 8 |i Print version:  |t Journalism history  |x 0094-7679  |w (DLC) 74646590  |w (OCoLC)1795320 
856 4 0 |z Full text available from Research Library: 01/01/1994 to present  |u https://search.proquest.com/publication/6565